-
BHISE, DR, S.B. AND YADAV , DR. A.B.
Entry Personal Name
Number of records used in: 1
001 - CONTROL NUMBER
003 - CONTROL NUMBER IDENTIFIER
005 - DATE AND TIME OF LATEST TRANSACTION
- control field:
20191207121733.0
008 - FIXED-LENGTH DATA ELEMENTS
- fixed length control field:
191207|| aca||aabn | a|a d
040 ## - CATALOGING SOURCE
- Original cataloging agency:
OSt
- Transcribing agency:
OSt
100 ## - HEADING--PERSONAL NAME
- Personal name:
BHISE, DR, S.B. AND YADAV , DR. A.B.
670 ## - SOURCE DATA FOUND
- Source citation:
Work cat.: (OSt)5902: BHISE, DR, S.B. AND YADAV , DR. A.B., A TEXTBOOK OF HUMAN ANATOMY AND PHYSIOLOGY II (SEM-II)